000 00843nam a2200313Ia 4500
003 OSt
005 20220912150607.0
006 a|||||r|||| 00| 0
007 ta
008 220909b |||||||| |||| 00| 0 eng d
020 _a1580532683 (hbd)
024 _a9567
037 _bAshutosh,
037 _cTextual
040 _aCSL
_beng
_cCSL
041 _aeng
082 _aD65,8(B):715, P1
100 _aO'Mahony Donal^eand REFs
245 0 _aElectronic payment systems for e-commerce
250 _a2
260 _aBoston
_bArtech House
_c2001
300 _axiv, 345p
500 _aIndex 331-345p
650 _a E-commerce
650 _a Electronic funds transfer
650 _aComputer science
942 _hD65,8(B):715, P1
_cTEXL
_2CC
999 _c50661
_d50661